Interducing computers : consept,systems and applications
| Main Author: | |
|---|---|
| Format: | Book |
| Published: |
New York :
John Wiley & Sons, Inc. ,
1995
|
| Edition: | 1995/96 ed |
| Subjects: |
MARC
| LEADER | 00000cam a2200000 7i4500 | ||
|---|---|---|---|
| 001 | 0000009610 | ||
| 002 | 000010472 | ||
| 005 | 20000330.0 | ||
| 020 | |a 0471113603 | ||
| 090 | 0 | 0 | |a 004 |b BLI |
| 100 | 1 | |a Blissmer, Robert H | |
| 245 | 1 | 4 | |a Interducing computers : |b consept,systems and applications |c Robert H.Blissmer |
| 250 | |a 1995/96 ed | ||
| 260 | |a New York : |b John Wiley & Sons, Inc. , |c 1995 | ||
| 300 | |a 322 p. ; |c 28 cm. | ||
| 650 | 0 | 0 | |a Computers |
| 999 | |a 048936 |b BUKU |c PINJAMAN |e PERPUSTAKAAN KOMUNITI PETALING JAYA | ||